The Strongest Countries 2026 - Statistics

General Stats
  • This quiz has been taken 32 times
  • The average score is 25 of 30
Answer Stats
Rank FPI Country % Correct
3 (=) 0.0919 China
100%
6 (+1) 0.1798 France
100%
12 (+2) 0.2463 Germany
100%
4 (=) 0.1346 India
100%
2 (=) 0.0791 Russia
100%
11 (=) 0.2374 Brazil
96%
10 (=) 0.2211 Italy
96%
8 (-2) 0.1881 United Kingdom
96%
1 (=) 0.0741 USA
96%
19 (=) 0.3651 Egypt
92%
16 (=) 0.3199 Iran
92%
7 (+1) 0.1876 Japan
92%
14 (-2) 0.2626 Pakistan
92%
5 (=) 0.1642 South Korea
92%
28 (=) 0.5269 Canada
88%
18 (-1) 0.3247 Spain
88%
20 (=) 0.3691 Ukraine
88%
25 (-1) 0.4473 Saudi Arabia
85%
9 (=) 0.1975 Turkey
85%
17 (+1) 0.3208 Australia
77%
13 (=) 0.2582 Indonesia
77%
15 (=) 0.2707 Israel
77%
21 (=) 0.3891 Poland
77%
26 (+1) 0.4834 Sweden
73%
30 (=) 0.5484 Greece
69%
24 (+1) 0.4458 Thailand
69%
23 (=) 0.4066 Vietnam
65%
27 (-1) 0.4849 Algeria
58%
22 (=) 0.3927 Taiwan
58%
29 (=) 0.5272 Singapore
35%
No matching quizzes found
Score Distribution
Percent of People with Each Score
Percentile by Number Answered
Your Score History
You have not taken this quiz